| 000 | 02495nam a2200349 4500 | ||
|---|---|---|---|
| 001 | 16 | ||
| 003 | OSt | ||
| 005 | 20250528074009.0 | ||
| 008 | 250120b |||||||e |||| 00| 1 eng d | ||
| 020 | _a8528607437 | ||
| 040 | _bpor | ||
| 041 |
_hspa _apor |
||
| 082 |
_ach860 _bA432f |
||
| 100 |
_aAllende, Isabel _d1942- _929 |
||
| 240 | _aHija de la fortuna | ||
| 245 |
_aFilha da Fortuna / _cAllende, Isabel ; Tradução de Mario Pontes |
||
| 250 | _a4° edição | ||
| 260 |
_aRio de Janeiro _bBertrand Brasil _c2001 |
||
| 300 | _a470 p. | ||
| 500 | _aContinuação de : A casa dos Espiritos | ||
| 520 | _aO LIVRO Eliza Sommers é uma jovem chilena que vive em Valparaíso em 1849, ano em que se descobre ouro na Califórnia. O seu amante, Joaquín Andieta, a abandona, e parte para o Norte decidido a fazer fortuna e ela decide procurá-lo. A viagem infernal, escondida no porão de um veleiro, e a convivência numa terra onde só há homens e prostitutas atraídos pela febre do ouro, transformam a jovem inocente numa mulher fora do comum. Entretanto, toda essa transformação é feita com a ajuda e o afeto de Tao Chi"en, um médico chinês que a protege ao longo de uma viagem inesquecível pelos mistérios e contradições da condição humana. Filha da Fortuna é o retrato palpitante de uma época marcada pela violência e pela cobiça, onde cada protagonista redescobre o amor, a amizade, a compaixão e a coragem. Neste livro, considerado o seu mais ambicioso romance, Isabel Allende descreve um universo fascinante, povoado de estranhas personagens que, como tantas outras da autora, ficarão para sempre na memória e no coração de seus leitores. “ A Filha da Fortuna revela-se como uma história sedutora...” (Publishers Weekly). A AUTORA Isabel Allende, embora de nacionalidade chilena, nasceu em Lima, capítal peruana, em 1942. Aos dezessete anos inicia uma intensa carreira como jornalista e escritora. Em 1982, Isabel Allende publica A Casa dos Espíritos que imediatamente a consagraria como uma das mais brilhantes escritoras da língua espanhola, e a colocaria no rol dos escritores latino-americanos mais traduzidos. | ||
| 650 | 0 |
_aLiteratura Chilena _988 |
|
| 650 | 0 |
_aDrama _918 |
|
| 650 | 0 |
_aAmor e Paixão _925 |
|
| 650 | 0 |
_aÉpoca _931 |
|
| 650 | 0 |
_aEmponderamento _932 |
|
| 655 | 0 |
_aRomance _923 |
|
| 655 | 0 |
_aFicção _922 |
|
| 700 |
_aMario Pontes _eTradutor _937 |
||
| 830 |
_aTrilogia: A casa dos Espiritos _939 _vparte 02 |
||
| 942 |
_2ddc _n0 _cBK |
||
| 999 |
_c16 _d16 |
||